Normal view
MARC view
Entry Personal Name
001 - CONTROL NUMBER
- control field: 57394
003 - CONTROL NUMBER IDENTIFIER
- control field: OSt
005 - DATE AND TIME OF LATEST TRANSACTION
- control field: 20160515124214.0
008 - FIXED-LENGTH DATA ELEMENTS
- fixed length control field: 160515|| aca||aabn | a|a d
040 ## - CATALOGING SOURCE
- Original cataloging agency: OSt
- Transcribing agency: OSt
100 ## - HEADING--PERSONAL NAME
- Personal name: चिल्ड्रन्स बुक ट्रस्ट
670 ## - SOURCE DATA FOUND
- Source citation: Work cat.: (OSt)10922: चिल्ड्रन्स बुक ट्रस्ट, कथा-कुंज , 1999









